| 000 | 00668nam a2200121Ia 4500 | ||
|---|---|---|---|
| 008 | 220615s9999||||xx |||||||||||||| ||und|| | ||
| 100 | _aMohamedou, Mohammad-Mahmoud Ould | ||
| 245 | 2 |
_aA Theory of ISIS _bPolitical Violence and the Transformation of the Global Order |
|
| 546 | _aEnglish[eng] | ||
| 650 | _aPolitical Science||ISIS||Islamic State||Al Qaeda||Terrorism||Middle East||International Relations||Iraq||Syria||Postcolonialism||Postmodernity||Globalisation||Al-Qaeda||Osama bin Laden||United States | ||
| 856 | _uhttps://library.oapen.org/bitstream/20.500.12657/45636/3/642734.pdf||https://library.oapen.org/bitstream/20.500.12657/30768/3/642734.pdf | ||
| 942 | _cEB | ||
| 999 |
_c7446 _d7446 |
||